Právo na azyl - kolektívny výkon individuálneho práva alebo kolektívne právo?
Ochrana ľudských práv a právo na azyl. Nový vývoj v oblasti materiálnych prameňov v oblasti medzinárodného azylového práva. Súčasná migračná a azylová kríza v Európe - hromadné presídľovanie obyvateľov z iných častí sveta do Európy. Interpretácie k právu - de lege ferenda - právo na azyl ako individ...
Gespeichert in:
| 1. Verfasser: | |
|---|---|
| Format: | Buchkapitel |
| Sprache: | Slowakisch |
| Schlagworte: | |
| Tags: |
Keine Tags, Fügen Sie das erste Tag hinzu!
|
MARC
| LEADER | 00000naa a2200000 4500 | ||
|---|---|---|---|
| 001 | 0248980 | ||
| 005 | 20181119101906.1 | ||
| 041 | 0 | |a slo | |
| 044 | |a SK | ||
| 245 | 1 | 0 | |a Právo na azyl - kolektívny výkon individuálneho práva alebo kolektívne právo? |c Peter Vršanský |
| 520 | |a Ochrana ľudských práv a právo na azyl. Nový vývoj v oblasti materiálnych prameňov v oblasti medzinárodného azylového práva. Súčasná migračná a azylová kríza v Európe - hromadné presídľovanie obyvateľov z iných častí sveta do Európy. Interpretácie k právu - de lege ferenda - právo na azyl ako individuálne ľudské právo a ako kolektívne ľudské právo. | ||
| 610 | 2 | 0 | |a právo medzinárodné |
| 610 | 2 | 0 | |a právo európske |
| 610 | 2 | 0 | |a ochrana ľudských práv |
| 610 | 2 | 0 | |a právo azylové |
| 610 | 2 | 0 | |a utečenci |
| 610 | 2 | 0 | |a migrácia |
| 610 | 2 | 0 | |a Európska únia |
| 610 | 2 | 0 | |a politika migračná |
| 610 | 2 | 0 | |a politika azylová |
| 100 | 1 | |a Vršanský, Peter | |